[Event "Bundesliga 2006-7"]
[Site "Hamburg GER"]
[Date "2007.03.18"]
[Round "13"]
[White "Areshchenko,A"]
[Black "Timman,J"]
[Result "1/2-1/2"]
[WhiteElo "2644"]
[BlackElo "2549"]

1.e4 e6 2.d4 d5 3.Nc3 Bb4 4.e5 c5 5.a3 Bxc3+ 6.bxc3 Qa5 7.Bd2 Qa4 8.Qb1 a6
9.Qb3 Qxb3 10.cxb3 cxd4 11.cxd4 Nc6 12.Bc3 Nge7 13.Bd3 a5 14.Ne2 f6 15.exf6 gxf6
16.Kd2 e5 17.b4 e4 18.Bc2 b5 19.Nf4 a4 20.Bb1 Kd7 21.f3 f5 22.Ba2 Kd6 23.Ke3 Nd8
24.Be1 Bb7 25.Rc1 Bc6 26.Bh4 Ng6 27.Nxg6 hxg6 28.Bg3+ Kd7 29.fxe4 Re8 30.e5 Ne6
31.h4 Rac8 32.Bb1 Rf8 33.Bf4 Bb7 34.Bd3 Rc4 35.Bxc4 dxc4 36.d5 Bxd5 37.Rhd1 Nxf4
38.Kxf4 Ke6 39.g3 Rc8 40.Rc3 Rc6 41.Rd2 Rc8 42.Re3 c3 43.Rc2 Rc4+ 44.Kg5 Rg4+
45.Kh6 Be4 46.Rcxc3 Kxe5 47.Kg7 Kd4 48.Kf6 f4 49.gxf4 Rxh4 50.Kg5 Rh5+ 51.Kf6 Rh4
52.Rg3 Rxf4+ 53.Ke7 Rf5 54.Rc1 Rf3 55.Rxf3 Bxf3 56.Rg1 Kc4 57.Kd6 Be2 58.Rxg6 Kb3
59.Rg3+ Kb2 60.Rg2 Kxa3 61.Rxe2 Kxb4 62.Re4+ Kb3 63.Re3+ Kb4 64.Re4+ Kb3
65.Kc5 a3 66.Re3+ Ka4 67.Re2 Kb3 68.Re3+  1/2-1/2

[Event "Bundesliga 2006-7"]
[Site "Remagen GER"]
[Date "2007.04.01"]
[Round "15"]
[White "Naumann,A"]
[Black "Timman,J"]
[Result "1/2-1/2"]
[WhiteElo "2549"]
[BlackElo "2549"]

1.e4 e5 2.Nf3 Nc6 3.d4 exd4 4.Nxd4 Bc5 5.Nxc6 Qf6 6.Qf3 Qxf3 7.gxf3 bxc6
8.Be3 Bb6 9.Nc3 d6 10.Rg1 g6 11.Bc4 Be6 12.Bb3 Nf6 13.Ba4 Bd7 14.O-O-O Nh5
15.Ne2 O-O-O 16.Ng3 Nxg3 17.hxg3 h5 18.Bb3 Rdf8 19.Rh1  1/2-1/2

[Event "15th Sigeman & Co"]
[Site "Malmo SWE"]
[Date "2007.04.23"]
[Round "6"]
[White "Carlsson,P"]
[Black "Timman,J"]
[Result "0-1"]
[WhiteElo "2506"]
[BlackElo "2545"]

1.e4 e6 2.d4 d5 3.Nd2 Nf6 4.e5 Nfd7 5.Bd3 c5 6.c3 Nc6 7.Ne2 cxd4 8.cxd4 f6
9.exf6 Nxf6 10.Nf3 Bd6 11.O-O Qc7 12.Bg5 O-O 13.Rc1 Nh5 14.Ng3 Nf4 15.Bb1 Bd7
16.Re1 Qb6 17.Bxf4 Bxf4 18.Rc3 Rf7 19.Nh5 Bh6 20.Rxc6 Bxc6 21.Ne5 Raf8 22.Qc2 g6
23.Nxg6 Qb4 24.Rxe6 Rxf2 25.Qd1 Rf1+ 26.Qxf1 Qxd4+  0-1

[Event "15th Sigeman & Co"]
[Site "Malmo SWE"]
[Date "2007.04.25"]
[Round "8"]
[White "Hillarp Persson,T"]
[Black "Timman,J"]
[Result "0-1"]
[WhiteElo "2552"]
[BlackElo "2545"]

1.d4 d5 2.c4 c6 3.Nf3 Nf6 4.e3 e6 5.Bd3 Ne4 6.O-O Nd7 7.Nc3 f5 8.Ne2 Bd6
9.Rb1 Qe7 10.c5 Bc7 11.b4 O-O 12.Bb2 e5 13.dxe5 g5 14.Nfd4 Nxe5 15.f3 Nxd3
16.Qxd3 Nf6 17.Nxf5 Bxf5 18.Qxf5 Ne4 19.Qg4 Nd2 20.Qd4 Nxf1 21.Rxf1 Kf7 22.f4 Ke8
23.Ng3 Kd7 24.Nh5 Rae8 25.Nf6+ Rxf6 26.Qxf6 Qxe3+ 27.Kh1 gxf4 28.Qf5+ Qe6
29.Qxh7+ Kc8 30.Qb1 Qe2 31.Bd4 Rg8 32.Rf2 Qg4 33.h3 Qg3 34.Qf5+ Kb8 35.Re2 f3
36.gxf3 a6 37.b5 axb5 38.a4 bxa4 39.Qh5  0-1

[Event "5th Staunton Mem"]
[Site "London ENG"]
[Date "2007.08.08"]
[Round "2"]
[White "Timman,J"]
[Black "Adams,Mi"]
[Result "0-1"]
[WhiteElo "2560"]
[BlackElo "2724"]

1.d4 Nf6 2.c4 e6 3.Nf3 b6 4.g3 Bb7 5.Bg2 Be7 6.O-O O-O 7.Nc3 Ne4 8.Qc2 Nxc3
9.Qxc3 c5 10.Rd1 d6 11.b3 Bf6 12.Bb2 Qe7 13.Qc2 Nc6 14.e4 e5 15.d5 Nd4 16.Bxd4 exd4
17.Rab1 Rae8 18.Ne1 g5 19.Nd3 Bc8 20.Rf1 Bg7 21.Rbe1 g4 22.Qd2 Qf6 23.Re2 Re7
24.b4 Rfe8 25.Rfe1 Qg6 26.Nf4 Qg5 27.bxc5 bxc5 28.Qc2 Be5 29.h4 gxh3 30.Nxh3 Qh5
31.Nf4 Bxf4 32.gxf4 f6 33.Rd2 Rg7 34.Rd3 Qg4 35.Rg3 Qxf4 36.Qa4 Rf8 37.Rxg7+ Kxg7
38.Qxa7+ Kh8 39.Qa3 Rg8 40.Kf1 Bg4 41.Qb3 Qd2 42.Qg3 Be2+  0-1

[Event "5th Staunton Mem"]
[Site "London ENG"]
[Date "2007.08.09"]
[Round "3"]
[White "McNab,C"]
[Black "Timman,J"]
[Result "0-1"]
[WhiteElo "2416"]
[BlackElo "2560"]

1.c4 e5 2.Nc3 Nf6 3.Nf3 Nc6 4.a3 g6 5.g3 Bg7 6.Bg2 O-O 7.O-O d6 8.d3 Nh5
9.e4 f5 10.exf5 Bxf5 11.h3 Bd7 12.Nd5 Nf6 13.Bg5 Qc8 14.Kh2 Kh8 15.Rc1 Ng8
16.b4 h6 17.Be3 Nce7 18.d4 Nf5 19.dxe5 dxe5 20.Bd2 c6 21.Nc3 Nd4 22.Nxd4 exd4
23.Ne4 Qc7 24.c5 Ne7 25.Nd6 Nc8 26.Nc4 Be6 27.f4 Bxc4 28.Rxc4 Ne7 29.Re1 Nf5
30.Qf3 h5 31.Qd3 Rad8 32.Re4 h4 33.g4 Ng3 34.Re6 Rxf4 35.Rd6 Rf2 36.Rcxd4 Rdf8
37.Be1 Re2 38.Bxg3 hxg3+ 39.Kxg3 Be5+ 40.Kh4 Qe7+ 41.g5 Qh7+ 42.Kg4 Qh5+  0-1

[Event "5th Staunton Mem"]
[Site "London ENG"]
[Date "2007.08.11"]
[Round "5"]
[White "Van Wely,L"]
[Black "Timman,J"]
[Result "1-0"]
[WhiteElo "2680"]
[BlackElo "2560"]

1.d4 Nf6 2.c4 e6 3.Nf3 b6 4.g3 Ba6 5.b3 Bb4+ 6.Bd2 Be7 7.Nc3 O-O 8.Rc1 d5
9.cxd5 exd5 10.Bg2 Bb7 11.O-O Na6 12.Bf4 Re8 13.Ne5 c5 14.Nb5 Ne4 15.a4 Bf8
16.h4 f6 17.Nd3 Qd7 18.Kh2 Rad8 19.Bh3 Qf7 20.f3 Nd6 21.Nxa7 c4 22.bxc4 dxc4
23.Nb2 Nb4 24.Bxd6 Bxd6 25.Nxc4 Bb8 26.Nb5 Na2 27.Rc2 Nb4 28.Rc1 Na2 29.Rc2 Nb4
30.e4 Nxc2 31.Qxc2 Bc8 32.Qd3 Bxh3 33.Kxh3 f5 34.exf5 Rd5 35.Ne3 Rd7 36.Nc4 g6
37.fxg6 Qe6+ 38.Kg2 hxg6 39.f4 Rc8 40.Ne5 Bxe5 41.fxe5 Qxe5 42.Qxg6+ Rg7
43.dxe5 Rxg6 44.Re1 Re8 45.Re4 Rc6 46.Nd6 Rf8 47.Kh3 Kh7 48.h5 Kh6 49.Kg4 Rg8+
50.Kh4 Rc1 51.Nf7+ Kg7 52.Ng5 Rh1+ 53.Nh3 Kf7 54.g4 Ke7 55.h6 Kf7 56.g5 Kg6
57.Kg4  1-0

[Event "5th Staunton Mem"]
[Site "London ENG"]
[Date "2007.08.12"]
[Round "6"]
[White "Werle,J"]
[Black "Timman,J"]
[Result "1-0"]
[WhiteElo "2552"]
[BlackElo "2560"]

1.c4 e5 2.Nc3 Nf6 3.Nf3 Nc6 4.g3 d5 5.cxd5 Nxd5 6.Bg2 Nb6 7.O-O Be7 8.Rb1 a5
9.b3 O-O 10.Bb2 Bg4 11.d3 f6 12.Na4 Nd5 13.Qc1 Qd7 14.Nc5 Bxc5 15.Qxc5 Rfd8
16.Rfe1 Bh3 17.Bh1 Nce7 18.d4 e4 19.Nd2 f5 20.Qc1 b5 21.a3 Ra6 22.e3 Rc6
23.Qd1 Bg4 24.f3 Bh5 25.Rc1 Re6 26.Rc5 c6 27.Qc1 Bg6 28.Bc3 Ra8 29.Bg2 Qe8
30.a4 Nxc3 31.Qxc3 Nd5 32.Qc1 Nb4 33.Bf1 Rb8 34.f4 Rd6 35.Qa1 Rd5 36.Rec1 Nd3
37.Bxd3 exd3 38.Kf2 bxa4 39.Qxa4 Rxc5 40.Rxc5 Rb5 41.Qc4+ Bf7 42.Qxd3 Qd7
43.Qc3 Bd5 44.Rxb5 cxb5 45.Qxa5 Qc6 46.Qb4 Bh1 47.Ke2 g6 48.Qc5 Qg2+ 49.Kd3 Qxh2
50.Qxb5 Qxg3 51.d5 Qh4 52.Qb8+ Kf7 53.Qc7+ Ke8 54.Nc4 Bxd5 55.Qe5+  1-0

[Event "III President's Cup"]
[Site "Baku AZE"]
[Date "2008.05.12"]
[Round "1"]
[White "Timman,J"]
[Black "Ojagverdiyev,Z"]
[Result "1/2-1/2"]
[WhiteElo "2565"]
[BlackElo "2077"]

1.e4 e5 2.Nf3 Nc6 3.Bb5 a6 4.Ba4 Nf6 5.O-O Be7 6.Bxc6 bxc6 7.Re1 d6 8.d4 Nd7
9.dxe5 dxe5 10.Nbd2 O-O 11.Nc4 f6 12.Na5 Nb8 13.Qxd8 Rxd8 14.Be3 Kf7 15.c3 Be6
16.Nd2 c5 17.Nb7 Rd3 18.Nb3 Nd7 19.Bxc5 Rb8 20.Bxe7 Rxb7 21.Nc1 Rd2 22.Ba3 a5
23.b3 Rc2 24.Nd3 Rxc3 25.Nb2 Rc2 26.Rac1 Rd2 27.Red1 Rxd1+ 28.Rxd1 Ke8 29.Na4 Rb5
30.f3 g6 31.Kf2 h5 32.Ke3 Rb7 33.Rc1 Kd8 34.Rc6 Bf7 35.Kd2 Rb5 36.Ra6 Kc8
37.Nc3 Kb7 38.Rxf6 Nxf6 39.Nxb5 a4 40.bxa4 Bxa2 41.Be7 Nd7 42.Kc3 Nb6 43.Bf6 Nxa4+
44.Kb4 Nb2 45.Kc3 Na4+ 46.Kb4 Nb2 47.g3 Nd3+ 48.Kc3 Ne1 49.f4 Bb1 50.fxe5 Bxe4
51.e6 Nf3 52.Kc4 Bc6 53.Kc5 Nxh2  1/2-1/2

[Event "10th EICC"]
[Site "Budva MNE"]
[Date "2009.03.10"]
[Round "5"]
[White "Matsenko,S"]
[Black "Timman,J"]
[Result "1/2-1/2"]
[WhiteElo "2429"]
[BlackElo "2581"]

1.e4 c5 2.Nf3 e6 3.d4 cxd4 4.Nxd4 Nf6 5.Nc3 d6 6.g4 h6 7.h4 Be7 8.Rg1 d5
9.Bb5+ Bd7 10.exd5 Bxb5 11.Ndxb5 a6 12.d6 axb5 13.dxe7 Qxd1+ 14.Kxd1 b4 15.Nb5 Kxe7
16.c4 b3 17.a3 Ra4 18.g5 hxg5 19.Bxg5 Rxc4 20.Rc1 Rxc1+ 21.Kxc1 Nd7 22.Rg3 Nc5
23.Nd4 Kd6 24.Bxf6 gxf6 25.Nxb3 Rxh4 26.Nxc5 Rc4+ 27.Kd2 Rxc5 28.a4 f5 29.Rg7 Rc7
30.Kd3 Ke5 31.Ke3 Kf6 32.Rg8 Rc4 33.Rb8 Rb4 34.a5 Rb5 35.Kd4 e5+ 36.Kc4 Rxb2
37.a6 b5+ 38.Kc5 Ra2 39.Kb6 b4 40.a7 b3 41.Kb7 b2 42.Ka8 e4 43.Rb6+ Ke5 44.Rxb2  1/2-1/2

[Event "10th EICC"]
[Site "Budva MNE"]
[Date "2009.03.11"]
[Round "6"]
[White "Timman,J"]
[Black "Kapnisis,S"]
[Result "1-0"]
[WhiteElo "2581"]
[BlackElo "2441"]

1.e4 e5 2.Nf3 Nc6 3.Bb5 a6 4.Ba4 d6 5.O-O Bd7 6.c3 g6 7.d4 Bg7 8.Re1 Nge7
9.Be3 O-O 10.Nbd2 h6 11.dxe5 Nxe5 12.Nxe5 dxe5 13.Bxd7 Qxd7 14.Nb3 Qc8 15.Qe2 b6
16.Qc4 Qb7 17.Red1 Rfd8 18.f3 a5 19.a4 Qc6 20.Qxc6 Nxc6 21.Kf1 Kf8 22.Ke2 Ke8
23.Nd2 Bf8 24.Nc4 Rxd1 25.Rxd1 Rd8 26.Rd5 f6 27.f4 exf4 28.Bxf4 Rd7 29.g4 Ne7
30.Rd3 Rxd3 31.Kxd3 Kd7 32.Ne3 Bg7 33.b4 h5 34.gxh5 gxh5 35.Kc4 Ng6 36.Nd5 Ne5+
37.Bxe5 fxe5 38.Ne3 axb4 39.cxb4 c6 40.Nf5 Bf8 41.h3 Ke6 42.b5 c5 43.h4 Bd6
44.Ng7+ Kd7 45.Nxh5 Be7 46.Kd5 Bxh4 47.Kxe5 c4 48.Kd4 c3 49.Kxc3 Kd6 50.Kd3 Kc5
51.Nf4  1-0

[Event "10th EICC"]
[Site "Budva MNE"]
[Date "2009.03.12"]
[Round "7"]
[White "Nikolov,Mo"]
[Black "Timman,J"]
[Result "1/2-1/2"]
[WhiteElo "2478"]
[BlackElo "2581"]

1.d4 Nf6 2.c4 e6 3.Nc3 Bb4 4.Qc2 O-O 5.a3 Bxc3+ 6.Qxc3 d6 7.Nf3 Nbd7 8.g3 b6
9.Bg2 Bb7 10.O-O Qe7 11.b4 Rfe8 12.Bb2 Be4 13.Rfd1 c6 14.Bf1 h6 15.Nd2 Bh7
16.Rac1 e5 17.dxe5 Nxe5 18.Bg2 d5 19.cxd5 cxd5 20.Qxe5 Qxe5 21.Bxe5 Rxe5
22.e3 Ree8 23.Nb3 Rac8 24.Nd4 Kf8 25.Bh3 Rxc1 26.Rxc1 Bd3 27.Rc7 Re7 28.Rxe7 Kxe7
29.Nc6+ Kd6 30.Nxa7 Ne4 31.Nc8+ Kc7 32.Ne7 Nc3 33.Bf5 Bc4 34.Bc2 d4 35.exd4 Ne2+
36.Kg2 Nxd4 37.Be4 Kd6 38.Nc8+ Kc7 39.Ne7 Kd6 40.Nf5+ Ke5 41.Ne3 Kxe4 42.Nxc4 b5
43.Nb6  1/2-1/2

[Event "10th EICC"]
[Site "Budva MNE"]
[Date "2009.03.16"]
[Round "10"]
[White "Pashikian,A"]
[Black "Timman,J"]
[Result "1-0"]
[WhiteElo "2621"]
[BlackElo "2581"]

1.d4 Nf6 2.Nf3 e6 3.c4 b6 4.g3 Bb7 5.Bg2 Be7 6.O-O O-O 7.Re1 d5 8.cxd5 exd5
9.Nc3 Na6 10.Ne5 c5 11.dxc5 Nxc5 12.Be3 Nfe4 13.Nxe4 dxe4 14.Bxc5 bxc5 15.Qb3 Bd5
16.Qe3 Re8 17.Red1 Bg5 18.Nxf7 Bxf7 19.Rxd8 Bxe3 20.Rxa8 Rxa8 21.fxe3 Re8
22.Kf2 h6 23.a3 Bb3 24.Rc1 c4 25.Ke1 g5 26.Bh3 Kg7 27.Kd2 Rf8 28.Bg2 Re8
29.Kc3 Re7 30.Bh3 Re5 31.Rf1 Re8 32.Bd7 Re7 33.Bc6 Rc7 34.Bd5 Rd7 35.Rf5 Rd8
36.h4 g4 37.h5 Rd7 38.Kd4 Bd1 39.Rf2 Bb3 40.Rf5 Bd1 41.Kxc4 Bxe2+ 42.Kc5  1-0

[Event "7th Staunton Memorial GM"]
[Site "London ENG"]
[Date "2009.08.11"]
[Round "4"]
[White "Cherniaev,A1"]
[Black "Timman,J"]
[Result "1/2-1/2"]
[WhiteElo "2428"]
[BlackElo "2569"]

1.e4 c5 2.c3 e6 3.d4 d5 4.exd5 exd5 5.Be3 c4 6.b3 cxb3 7.axb3 Bd6 8.Bd3 Ne7
9.Qf3 Be6 10.Ne2 Qd7 11.h3 Bf5 12.Bxf5 Qxf5 13.Qxf5 Nxf5 14.Bf4 Kd7 15.Bxd6 Kxd6
16.Kd2 Nc6 17.Na3 a6 18.Nc2 Rhe8 19.h4 h5 20.Ne3 Nce7  1/2-1/2

[Event "7th Staunton Memorial GM"]
[Site "London ENG"]
[Date "2009.08.13"]
[Round "6"]
[White "Wells,P"]
[Black "Timman,J"]
[Result "1/2-1/2"]
[WhiteElo "2498"]
[BlackElo "2569"]

1.d4 Nf6 2.c4 e6 3.Nc3 Bb4 4.Qc2 d5 5.cxd5 Qxd5 6.Nf3 Qf5 7.Qxf5 exf5 8.a3 Be7
9.g3 c6 10.Bg2 Be6 11.Ne5 O-O 12.b4 Rd8 13.b5 Nd5 14.Bb2 cxb5 15.Nxb5 a6
16.Nc3  1/2-1/2

[Event "Czech Coal Match"]
[Site "Marianske Lazne CZE"]
[Date "2009.11.28"]
[Round "1"]
[White "Timman,J"]
[Black "Koneru,H"]
[Result "1/2-1/2"]
[WhiteElo "2591"]
[BlackElo "2603"]

1.e4 c5 2.Nf3 e6 3.d4 cxd4 4.Nxd4 a6 5.Bd3 Bc5 6.Nb3 Be7 7.Qg4 g6 8.N1d2 d6
9.Qe2 Nc6 10.Nf3 Qc7 11.O-O Bd7 12.Bd2 Nf6 13.Bh6 Bf8 14.Qd2 Ne5 15.Nxe5 dxe5
16.Bxf8 Rxf8 17.a4 Bc6 18.Rfe1 a5 19.Qc3 Ke7 20.Nd2 Nd7 21.Nc4 Rfd8 22.Re3 Kf8
23.Qa3+ Kg8 24.Qe7 Re8 25.Qa3 Red8 26.b3 Nb6 27.Nd2 Qd6 28.Qc1 Nd7 29.Nc4 Qe7
30.Re1 f6 31.Qe3 Qc5 32.Qh3 Qe7 33.Qe3 Qc5  1/2-1/2

[Event "Czech Coal Match"]
[Site "Marianske Lazne CZE"]
[Date "2009.12.02"]
[Round "5"]
[White "Koneru,H"]
[Black "Timman,J"]
[Result "1-0"]
[WhiteElo "2603"]
[BlackElo "2591"]

1.d4 Nf6 2.c4 e6 3.Nf3 b6 4.g3 Ba6 5.Qa4 Bb7 6.Bg2 c5 7.dxc5 Bxc5 8.O-O O-O
9.Nc3 Na6 10.Bf4 Be7 11.Rfd1 Nc5 12.Qc2 Qc8 13.Rd4 d5 14.Rc1 Nce4 15.Nxe4 dxe4
16.Ne5 Qc5 17.Rcd1 Rfc8 18.a3 Qa5 19.Qc1 Qa6 20.b4 Qa4 21.g4 a5 22.g5 Nd5
23.Qd2 Qxa3 24.cxd5 exd5 25.bxa5 bxa5 26.Rxd5 Bb4 27.Qd4 Bc3 28.Rd8+ Rxd8
29.Qxd8+ Rxd8 30.Rxd8+ Qf8 31.Rxf8+ Kxf8 32.Nd7+ Ke7 33.Nc5 Bd5 34.Bxe4 Bxe4
35.Nxe4 Bb2 36.Nc5 Ba3 37.Be3  1-0

[Event "Czech Coal Match"]
[Site "Marianske Lazne CZE"]
[Date "2009.12.05"]
[Round "8"]
[White "Timman,J"]
[Black "Jackova,J"]
[Result "1/2-1/2"]
[WhiteElo "2591"]
[BlackElo "2388"]

1.d4 Nf6 2.c4 e6 3.Nf3 b6 4.g3 Ba6 5.Qa4 Bb7 6.Bg2 c5 7.dxc5 Bxc5 8.O-O O-O
9.Nc3 Be7 10.Bf4 Na6 11.Rfd1 Nc5 12.Qc2 Qc8 13.Rd4 d5 14.Rc1 Nce4 15.Nxe4 dxe4
16.Ne5 Rd8 17.Rxd8+ Qxd8 18.Rd1 Qe8 19.Be3 h6 20.a3 Rc8 21.b4 Rc7 22.h4 Qc8
23.Qb3 Ba6 24.Rd4 Ne8 25.Bxe4 Bf6 26.f4 Bxe5 27.fxe5 Rxc4 28.b5 Rxd4 29.Bxd4 Bb7
30.Bc2 Bd5 31.Qd3 Qc4 32.a4 Nc7 33.e4 Qxd3 34.Bxd3 Bb3 35.a5 Ba4 36.Bxb6 Bxb5
37.Bxb5 Nxb5 38.Bc5 h5 39.Kf2 f6 40.exf6 gxf6 41.Ke3 Kf7 42.Kf4 Kg6 43.e5 a6
44.exf6 Kxf6 45.Bb4 e5+ 46.Ke4 Ke6 47.Kd3 Kd5 48.Ke3 Nd4 49.Bd2 Nf5+ 50.Kf3 Nd4+  1/2-1/2

[Event "1st Torre delle Stelle Open A"]
[Site "Cagliari ITA"]
[Date "2011.06.22"]
[Round "1"]
[White "De Rosa,M"]
[Black "Timman,J"]
[Result "1-0"]
[WhiteElo "2113"]
[BlackElo "2577"]

1.e4 c5 2.Nf3 e6 3.d4 cxd4 4.Nxd4 Nf6 5.Nc3 d6 6.Be2 Be7 7.O-O O-O 8.f4 Nc6
9.Be3 e5 10.Nb3 exf4 11.Bxf4 Be6 12.Kh1 d5 13.e5 Nd7 14.Nxd5 Ndxe5 15.Nxe7+ Qxe7
16.Qe1 Bd5 17.Bb5 a6 18.Bxc6 Nxc6 19.Qg3 Qe4 20.Nc5 Qxc2 21.Nd7 Rad8 22.Nxf8 Kxf8
23.Rf2 Qe4 24.Rd2 Re8 25.h3 h6 26.b3 Qe6 27.Bd6+ Kg8 28.Rad1 Be4 29.Ba3 Bg6
30.Bb2 Kh7 31.Rd7 Qe2 32.Qc3 Re5 33.Qd2 Qxd2 34.R1xd2 Rb5 35.Rc7 Nb4 36.Bd4 Nc6
37.Bb2 Nb4 38.Bd4 Nc6 39.Bb2  1-0

[Event "5th LCT Rapid Match"]
[Site "Leiden NED"]
[Date "2011.07.07"]
[Round "1"]
[White "Giri,A"]
[Black "Timman,J"]
[Result "1-0"]
[WhiteElo "2701"]
[BlackElo "2575"]

1.d4 d5 2.c4 c6 3.Nc3 Nf6 4.e3 g6 5.Nf3 Bg7 6.Be2 O-O 7.O-O Bg4 8.h3 Bxf3
9.Bxf3 dxc4 10.Qe2 Nbd7 11.Rd1 Nb6 12.e4 Qc7 13.e5 Nfd5 14.Ne4 Rad8 15.a4 a5
16.Bd2 Nb4 17.Bxb4 axb4 18.a5 Nd5 19.Qxc4 Ra8 20.Nc5 e6 21.Bxd5 cxd5 22.Qxb4 Rfb8
23.Qb6 Qc6 24.b4 Bf8 25.b5 Qc8 26.Rdc1 Bh6 27.Rc3 Bd2 28.Rc2 Bg5 29.Raa2 Bd8
30.Qd6 Bc7 31.Qe7 Rxa5 32.Na4 Qd8 33.Qxc7 Qxc7 34.Rxc7 Rba8 35.Rxb7 Rxa4
36.Rxa4 Rxa4 37.b6 Rxd4 38.Rd7 Rb4 39.b7 Kg7 40.f4 h5 41.g4 hxg4 42.hxg4 Rb2
43.f5  1-0

[Event "Open NK"]
[Site "Dieren NED"]
[Date "2011.07.22"]
[Round "4"]
[White "Timman, Jan"]
[Black "Georgiev, Vladimir"]
[Result "1/2-1/2"]
[WhiteElo "2575"]
[BlackElo "2559"]

1.e4 e5 2.Nf3 Nc6 3.d4 exd4 4.Nxd4 Bc5 5.Nxc6 bxc6 6.Bd3 d6 7.O-O Qh4 8.Qf3 Ne7
9.Nc3 Bd4 10.g3 Bg4 11.Qxf7+ Kxf7 12.gxh4 Bxc3 13.bxc3 Bf3 14.Rb1 Rab8 15.Be3 c5
16.h3 Nc6 17.Kh2 Ne5 18.Kg3 Rb6 19.Bf4 Nxd3 20.Kxf3 Nxf4 21.Kxf4 Re8 22.Rb3 Ra6
23.a3 Ra4 24.f3 Re7 25.Rd1 a5 26.Ke3 Ke6 27.h5 Kd7 28.Rg1 Rf7 29.h4 Kc6 30.Rd1 Rc4
31.Rd3 Ra4 32.Rd1 Rc4 33.Rd3 Ra4 34.Rd1  1/2-1/2

[Event "Open NK"]
[Site "Dieren NED"]
[Date "2011.07.26"]
[Round "7"]
[White "Kuipers,S"]
[Black "Timman,J"]
[Result "1/2-1/2"]
[WhiteElo "2365"]
[BlackElo "2575"]

1.e4 e6 2.d4 d5 3.Nc3 Bb4 4.e5 c5 5.a3 Bxc3+ 6.bxc3 Ne7 7.Qg4 Nf5 8.Bd3 h5
9.Qf4 Qc7 10.Ne2 Ne7 11.dxc5 Nd7 12.Qg3 Nxc5 13.O-O Bd7 14.Bg5 h4 15.Qe3 h3
16.g4 Ne4 17.Bxe4 dxe4 18.Bxe7 Kxe7 19.Qxe4 Qc6 20.Qb4+ Ke8 21.f3 Rc8 22.Rab1 b6
23.Qd4 Qc5 24.Kf2 Ke7 25.Rfd1 Qxd4+ 26.Nxd4 Rxc3 27.Rb3 Rc5 28.Re3 Ba4 29.Rd2 g5
30.Kg3 Rd8 31.c3 Rh8 32.f4 gxf4+ 33.Kxf4 Bc6 34.Nxc6+ Rxc6 35.Rdd3 Rc5 36.Kg3 Ra5
37.Rd4 Rxa3 38.Rf3 Ra2 39.Rc4 Rg2+ 40.Kf4 Rd2 41.Rc7+ Rd7 42.Rxd7+ Kxd7 43.Ke4 Ke7
44.c4 Rc8 45.Kd4 Rg8 46.Rxh3 Rxg4+ 47.Kd3 Rg8 48.Kd4 Rd8+ 49.Ke4 Rc8 50.Kd4 a6
51.Rb3 Rb8 52.Ra3 Rd8+ 53.Kc3 b5 54.c5 Rd5 55.Kb4 Rd4+ 56.Ka5 b4 57.Ra4 Rc4
58.Kb6 f6 59.exf6+ Kxf6 60.c6 Ke5 61.Kc7 Kd5 62.Ra5+ Kd4 63.Rxa6 e5 64.h4 e4
65.Kd7 e3 66.c7 e2 67.Rd6+ Kc3 68.Rc6 Rxc6 69.Kxc6 e1=Q 70.c8=Q b3 71.Kd6+ Kb2
72.Qc4 Qg3+ 73.Ke7 Qc3 74.Qe2+ Kc1 75.Qf1+ Kd2 76.Qg2+ Kd1 77.Qg4+ Kc2 78.Qe2+ Qd2
79.Qc4+ Kb2 80.h5 Qg5+ 81.Kf8 Qh6+ 82.Ke7 Qxh5 83.Qd4+ Kb1 84.Qe4+ Kc1 85.Qc4+ Kb2
86.Qd4+ Ka3 87.Qa1+ Kb4 88.Qd4+ Kb5 89.Qd3+ Ka4 90.Qd4+  1/2-1/2

[Event "Open NK"]
[Site "Dieren NED"]
[Date "2011.07.28"]
[Round "9"]
[White "Arnaudov,G"]
[Black "Timman,J"]
[Result "1-0"]
[WhiteElo "2439"]
[BlackElo "2575"]

1.Nf3 c5 2.c4 Nf6 3.Nc3 Nc6 4.g3 d5 5.cxd5 Nxd5 6.Bg2 Nc7 7.O-O e5 8.a3 f6
9.e3 Be7 10.d4 cxd4 11.exd4 exd4 12.Ne2 Ne6 13.b4 d3 14.Nf4 Nxf4 15.Bxf4 Be6
16.Re1 Bf7 17.Re3 O-O 18.Rxd3 Qb6 19.Be3 Qb5 20.Nd4 Nxd4 21.Rxd4 Rfd8 22.a4 Qe8
23.Bxb7 Rab8 24.Bd5 a6 25.Bxf7+ Qxf7 26.Rxd8+ Rxd8 27.Qe2 Qe6 28.b5 Bc5 29.bxa6 Bxe3
30.Qxe3 Qxe3 31.fxe3 Ra8 32.Kf2 Rxa6 33.Ke2 Kf7 34.Kd3 Ke6 35.Kc4 Kd7 36.Kb5 Re6
37.a5 Kc7 38.a6 Kb8 39.Rd1 Re5+ 40.Kc6 Rxe3 41.Rd8+ Ka7 42.Rd7+ Kxa6 43.Rxg7 h5
44.Rh7 Re5 45.Rh6 Ka7 46.Kd6 Kb7 47.Rxf6 Re2 48.h4 Re3 49.Rg6 Kc8 50.Rg8+ Kb7
51.Rg5 Kc8 52.Kd5 Kd7 53.Kd4 Ra3 54.Ke4 Ke6 55.Kf4  1-0

[Event "InventiChess GM"]
[Site "Antwerp BEL"]
[Date "2011.09.04"]
[Round "2"]
[White "Savina,A"]
[Black "Timman,J"]
[Result "1/2-1/2"]
[WhiteElo "2336"]
[BlackElo "2555"]

1.d4 Nf6 2.c4 e6 3.Nf3 b6 4.g3 Ba6 5.Qc2 Bb4+ 6.Bd2 Be7 7.e4 d5 8.cxd5 Bxf1
9.Kxf1 exd5 10.e5 Ne4 11.Nc3 Nxd2+ 12.Qxd2 Qd7 13.e6 fxe6 14.Ne5 Qc8 15.Qf4 Bf6
16.Kg2 O-O 17.Rhe1 Bxe5 18.Qxe5 Nc6 19.Qxe6+ Qxe6 20.Rxe6 Nxd4 21.Re7 c6
22.Rae1 b5 23.Ne2 Nf5 24.Re6 Rfe8 25.Nd4 Rxe6 26.Nxe6 Re8 27.Kf1 h6 28.g4 Nd6
29.Nd4 Rxe1+ 30.Kxe1 c5 31.Ne6 c4 32.Kd2 Kf7 33.Nd8+ Ke7 34.Nc6+ Kd7 35.Ne5+ Ke6
36.Nc6 Ne4+ 37.Ke3 a6 38.Nd4+ Kf6 39.Nc6 c3 40.bxc3 Nxc3 41.a3 Nb1 42.Nb4 Nxa3
43.Nxa6 Nc4+ 44.Kd4 Ne5 45.h3 Ng6 46.Nc7 Nf4 47.Nxb5 Nxh3 48.f3 Nf4 49.Nc7 Kg5
50.Ke5 g6 51.Ne8 h5 52.Nd6 hxg4 53.Nf7+ Kh4 54.fxg4 Kxg4 55.Nh8 g5 56.Nf7 Kh5
57.Kf5 Nh3 58.Nxg5  1/2-1/2

[Event "InventiChess GM"]
[Site "Antwerp BEL"]
[Date "2011.09.06"]
[Round "4.4"]
[White "Bok,B"]
[Black "Timman,J"]
[Result "1/2-1/2"]
[WhiteElo "2488"]
[BlackElo "2555"]

1.e4 d6 2.d4 Nf6 3.Nc3 g6 4.f4 Bg7 5.Nf3 c5 6.Bb5+ Bd7 7.Bxd7+ Nfxd7 8.d5 b5
9.O-O b4 10.Nb1 O-O 11.c4 Nb6 12.Nbd2 e6 13.Qc2 exd5 14.exd5 N8d7 15.Rb1 Re8
16.Ne4 Nf6  1/2-1/2

[Event "InventiChess GM"]
[Site "Antwerp BEL"]
[Date "2011.09.08"]
[Round "6.5"]
[White "Hovhanisian,M"]
[Black "Timman,J"]
[Result "1/2-1/2"]
[WhiteElo "2496"]
[BlackElo "2555"]

1.Nf3 Nf6 2.g3 d5 3.Bg2 c6 4.O-O Bg4 5.c4 e6 6.Ne5 Bh5 7.d4 Nbd7 8.Nc3 Be7
9.Qb3 Qb6 10.Nxd7 Nxd7 11.cxd5 Qxb3 12.axb3 exd5 13.e4 dxe4 14.Nxe4 O-O 15.Nc3 Rfd8
16.d5 Nc5 17.dxc6 bxc6 18.Bxc6 Nxb3 19.Bxa8 Nxa1 20.Be4 Nb3  1/2-1/2

[Event "InventiChess GM"]
[Site "Antwerp BEL"]
[Date "2011.09.11"]
[Round "9.2"]
[White "Docx,S"]
[Black "Timman,J"]
[Result "1/2-1/2"]
[WhiteElo "2328"]
[BlackElo "2555"]

1.e4 c6 2.d4 d5 3.Nd2 dxe4 4.Nxe4 Bf5 5.Ng3 Bg6 6.Nh3 e6 7.Nf4 Bd6 8.c3 Qc7
9.Qf3 Nd7 10.Bc4 Nb6 11.Bb3 Nf6 12.h4 Nbd5 13.Nxg6 hxg6 14.Bg5 Nh7 15.Bd2 Bf4
16.Bxf4 Nxf4 17.Ne4 Nf6 18.Nxf6+ gxf6 19.g3 Nh5 20.O-O-O O-O-O 21.Kb1 Kb8
22.Qe3  1/2-1/2

[Event "HSC/De Legibus Open"]
[Site "Helmond NED"]
[Date "2012.06.30"]
[Round "3.1"]
[White "Jonkman,H"]
[Black "Timman,J"]
[Result "0-1"]
[WhiteElo "2417"]
[BlackElo "2575"]

1.e4 c5 2.c3 e6 3.d4 d5 4.exd5 exd5 5.Nf3 Nc6 6.Bb5 Bd6 7.dxc5 Bxc5 8.O-O Ne7
9.Nbd2 O-O 10.Nb3 Bb6 11.Bf4 Bg4 12.h3 Bh5 13.Qd3 a6 14.Bxc6 bxc6 15.Rac1 Re8
16.Rfe1 a5 17.Nbd2 Bg6 18.Qf1 f6 19.c4 dxc4 20.Qxc4+ Bf7 21.Qa4 Nd5 22.a3 Rxe1+
23.Rxe1 Nxf4 24.Qxf4 a4 25.Ne4 Bc7 26.Qg4 h5 27.Qf5 Ra5 28.Nc5 Bb6 29.Rc1 Bxc5  0-1

[Event "HSC/De Legibus Open"]
[Site "Helmond NED"]
[Date "2012.07.01"]
[Round "6.1"]
[White "Timman,J"]
[Black "Castaneda,Geo"]
[Result "1/2-1/2"]
[WhiteElo "2575"]
[BlackElo "2522"]

1.d4 d6 2.e4 g6 3.Nf3 Bg7 4.Be2 Nf6 5.Nc3 O-O 6.O-O c5 7.dxc5 dxc5 8.Qxd8 Rxd8
9.Be3 b6 10.Rad1 Nc6 11.Rxd8+ Nxd8 12.Nd2 Nc6 13.f3 Be6  1/2-1/2

[Event "HSC/De Legibus Open"]
[Site "Helmond NED"]
[Date "2012.07.01"]
[Round "7.2"]
[White "Van Oosterom,C"]
[Black "Timman,J"]
[Result "1-0"]
[WhiteElo "2380"]
[BlackElo "2575"]

1.e4 e5 2.Nf3 Nc6 3.Bb5 a6 4.Ba4 Nf6 5.O-O Be7 6.Re1 b5 7.Bb3 O-O 8.a4 b4
9.a5 Rb8 10.d4 d6 11.d5 Na7 12.Be3 c5 13.dxc6 Nxc6 14.Bb6 Qe8 15.Nbd2 Nd7
16.Be3 Nf6 17.h3 Be6 18.Qe2 Qc8 19.Bc4 Bxc4 20.Qxc4 Qb7 21.Bg5 Rfc8 22.Qd3 Ne8
23.Bxe7 Nxe7 24.Nc4 Qb5 25.b3 f6 26.Red1 Rd8 27.Nb6 Nc7 28.c4 Qc5 29.Ne1 Nc6
30.Nd5 Nxd5 31.Qxd5+ Qxd5 32.exd5 Nd4 33.Rd3 f5 34.Kf1 f4 35.f3 Rdc8 36.Ra2 Kf7
37.Kf2 Kf6 38.Nc2 Nxc2 39.Rxc2 g5 40.Rd1 h5 41.Ra2 Kf5 42.g4+ Kg6 43.gxh5+ Kxh5
44.Rg1 Rb7 45.Rg4 Rf8 46.Ra1 Kg6 47.h4 Rh8 48.Rxg5+ Kf6 49.Rag1 Rf7 50.Rg6+ Ke7
51.Re6+ Kd7 52.Rgg6 Rxh4 53.Rxd6+ Kc7 54.Rh6 Rh7 55.Rc6+ Kb7 56.Rb6+ Kc7
57.d6+ Kc8 58.Rxh7 Rxh7 59.Rxa6 Rh2+ 60.Ke1 Rc2 61.Ra7 Rc3 62.d7+ Kd8 63.a6  1-0

[Event "Politiken Cup 2012"]
[Site "Helsingor DEN"]
[Date "2012.08.03"]
[Round "8.11"]
[White "Timman,J"]
[Black "Carlstedt,J"]
[Result "1/2-1/2"]
[WhiteElo "2575"]
[BlackElo "2352"]

1.d4 d5 2.c4 e6 3.Nc3 c5 4.cxd5 exd5 5.Nf3 Nc6 6.dxc5 d4 7.Na4 Bxc5 8.Nxc5 Qa5+
9.Bd2 Qxc5 10.Rc1 Qd6 11.e3 dxe3 12.Bxe3 Qxd1+ 13.Rxd1 Nge7 14.Be2 Be6 15.b3 Nd5
16.Bd2 Ndb4 17.Ng5 Bd5 18.O-O Nxa2 19.Bf3 O-O-O 20.Bg4+ Kc7 21.Ra1 Nab4 22.Bf4+ Kb6
23.Be3+ Kc7 24.Bf4+ Kb6 25.Be3+ Kc7  1/2-1/2